00466 2200181 4500001002100000005001500021008004100036020001800077035001900095041000700114082000800121090001400129100002000143245002700163260004200190300003000232650002200262INLIS00000000000306920241224112644241224||||||||| | ||| |||| || |  a979-686-864-4 0010-1224003069 aid0 a813 a813 BLA k0 aTerence Blacker00aKau Tertangkap, Ms Wiz aJakartabGramedia Pustaka Utamac2002 a125 hlm. : ilus, ; 20 cm. 0aIlmu Kesusastraan